000 00483nam a2200181Ia 4500
005 20250508154628.0
008 008 250505s9999 xx 000 0 eng d
037 _aTextual
040 _aFEDL
_beng
_cFEDL
041 _aeng
_2eng
084 _a491.49, SOW
_qFEDL
100 _aSowmya
245 0 _aLearn tamil : The easy way
260 _aMadras, India
_bVel Puthaga Nilayam
_c1965
300 _a70p.
942 _cTEXL
_h491.49, SOW
999 _c1351304
_d1351304